Thermodynamics (Record no. 1284)

000 -LEADER
fixed length control field 00633nam a22002294a 4500
001 - CONTROL NUMBER
control field 1284
003 - CONTROL NUMBER IDENTIFIER
control field BD-DhUET
008 - FIXED-LENGTH DATA ELEMENTS--GENERAL INFORMATION
fixed length control field 010119s2002 maua 001 0 eng
020 ## - INTERNATIONAL STANDARD BOOK NUMBER
International Standard Book Number 0070606595
040 ## - CATALOGING SOURCE
Original cataloging agency DLC
Transcribing agency DLC
Modifying agency BD-DhUET
082 00 - DEWEY DECIMAL CLASSIFICATION NUMBER
Classification number 621.01
Item number CEN/2006
100 1# - MAIN ENTRY--PERSONAL NAME
Personal name Çengel, Yunus A.
245 10 - TITLE STATEMENT
Title Thermodynamics
Remainder of title an engineering approach
250 ## - EDITION STATEMENT
Edition statement 5th ed.
260 ## - PUBLICATION, DISTRIBUTION, ETC. (IMPRINT)
Place of publication, distribution, etc. New Delhi
Name of publisher, distributor, etc. Tata McGraw-Hill
Date of publication, distribution, etc. 2006
300 ## - PHYSICAL DESCRIPTION
Extent xxxii, 946p.
Other physical details ill.
490 1# - SERIES STATEMENT
Series statement McGraw-Hill series in mechanical engineering
504 ## - BIBLIOGRAPHY, ETC. NOTE
Bibliography, etc Includes bibliographies

650 #0 - SUBJECT ADDED ENTRY--TOPICAL TERM
Topical term or geographic name as entry element Thermodynamics
700 1# - ADDED ENTRY--PERSONAL NAME
Personal name Boles, Michael A.
942 ## - ADDED ENTRY ELEMENTS (KOHA)
Koha item type General Book
Holdings
Piece designation (barcode) Koha normalized classification for sorting Location (home branch) Not for loan Koha out on loan Price effective from Sublocation or collection (holding branch) Lost status Koha date last borrowed Koha item type Koha full call number Copy number Withdrawn status Damaged status Koha issues (times borrowed) Shelving location Date acquired Source of classification or shelving scheme Koha date last seen
103975621_000000000000000_01CEN2006Central Library, BUET  2014-09-02Central Library, BUET 2022-06-14General Book621.01/CEN/20061  9Circulation section2014-09-02 2026-04-18
103976621_000000000000000_01CEN2006Central Library, BUET 2018-11-192014-09-02Central Library, BUET 2018-11-05General Book621.01/CEN/20062  11Circulation section2014-09-02 2018-11-05
103977621_000000000000000_01CEN2006Central Library, BUET 2017-03-012014-09-23Central Library, BUET 2016-03-01General Book621.01/CEN/20063  3Circulation section2014-09-23 2016-03-01
103978621_010000000000000_CEN_2006Central Library, BUET 2026-04-132015-09-07Central Library, BUET 2026-03-30General Book621.01/CEN/20064  23Circulation section2015-09-07 2026-03-30